000 01834nam0a2200373 i 4500
001 RU\NLR\BIBL_A\010301022
005 20241104221334.0
010 _a9785932553824
_91000
021 _aRU
_b2014-6117
_9381
035 _a(NILC)RuMoRGB-006738770
035 _a(NLR Aleph) 010301022
090 _a10593641
_c10593641
100 _a20140401d2014 k y0rusy50 ca
101 1 _arus
_ceng
102 _aRU
105 _aa z 000yy
200 1 _aБританская промышленная революция в глобальной картине мира
_fРоберт С. Аллен
_gпер. с англ. Н. В. Автономовой
_gпод ред. В. С. Автономова
210 _aМосква
_cИзд-во Ин-та Гайдара
_d2014
215 _a441, [1] с.
_cил.
_d22
300 _aЗагл. и авт. ориг.: The British industrial revolution in global perspective / Robert C. Allen
300 _aНа 4-й с. обл. авт.: Р. Аллен, проф., чл. Британ. акад.
320 _aДр. работы авт. на 4-й с. обл.
320 _aБиблиогр.: с. 401-436
454 0 _12001#$aThe British industrial revolution in global perspective
_1700#1$aAllen$bR.C.$f1947-$gRobert C
_tThe British industrial revolution in global perspective
_aAllen, Robert C (1947-)
606 1 _aПромышленность
_xИстория
_yВеликобритания
_92517108
_3RU\NLR\AUTH\661491809
607 _aВеликобритания
_xЭкономическая история
_z18 - 19 вв.
_91218817
_3RU\NLR\AUTH\66177389
686 1 _aУ30(4Вл)-03
686 1 _aУ03(4Вл)5
700 1 _aАллен
_bР. С.
_f1947-
_gРоберт С.
801 0 _aRU
_bРГБ
_c20140213
_gRCR
942 _cBOOK
980 _aNBR